Gramin Bharat ke aushadiya podhe (Record no. 396019)

MARC details
000 -LEADER
fixed length control field 00595 a2200229 4500
005 - DATE & TIME
control field 20260512164058.0
008 - FIXED-LENGTH DATA ELEMENTS--GENERAL INFORMATION
fixed length control field 260512b |||||||| |||| 00| 0 eng d
020 ## - ISBN
International Standard Book Number 9788197187414
Price Rs. 3500.00
040 ## - CATALOGING SOURCE
Original cataloging agency VIVEKANANDA LIBRARY
082 ## - DDC NUMBER
Classification number 615.3210954
Book Number S29G
100 ## - MAIN ENTRY--PERSONAL NAME
Personal name Sikarwar, Ramlakhan Singh
245 ## - TITLE STATEMENT
Title Gramin Bharat ke aushadiya podhe
250 ## - EDITION STATEMENT
Edition statement
260 ## - PUBLICATION, DISTRIBUTION, ETC. (IMPRINT)
Name of publisher, distributor, etc Scientific Publishers
Date of publication, distribution, etc 2025
Place of publication, distribution, etc New Delhi
300 ## - PHYSICAL DESCRIPTION
Pages xvi, 238
650 ## - Subject
Subject Medicine and Health
650 ## - Subject
Subject Pharmacology
650 ## - Subject
Subject Therapeutics
650 ## - Subject
Subject Medicinal Plants
650 ## - Subject
Subject India
942 ## - ADDED ENTRY ELEMENTS (KOHA)
Koha item type Books
Holdings
Withdrawn status Lost status Source of classification or shelving scheme Damaged status Not for loan Location (home branch) Sublocation or collection (holding branch) Shelving location Date acquired Koha issues (times borrowed) Koha full call number Accession No. Koha date last seen Koha item type
    Dewey Decimal Classification     VIVEKANANDA LIBRARY VIVEKANANDA LIBRARY Vivekananda Library 22/01/2026   615.3210954 S29G 444531 22/01/2026 Books
© Designed and Maintained by Vivekananda Library, MDU Rohtak